Working guide to process equipment /

Guardado en:
Autor Principal: Lieberman, Norman P.
Otros Autores: Lieberman, Elizabeth T.
Formato: Libro
Idioma:English
Publicado: New York : McGraw-Hill, c2003.
Edición:2nd ed.
Series:McGraw-Hill professional engineering
Materias:
Acceso en línea:Biografía del autor
Descripción
Tabla de contenido
Etiquetas: Agregar Etiqueta
Sin Etiquetas, Sea el primero en etiquetar este registro!
LEADER 01143cam a22002775a 4500
001 EIQ.libpla001781
008 030203s2003####nyua#####b####001#0#eng#d
005 20061227183555.0
245 1 0 |a Working guide to process equipment /  |c Norman P. Lieberman, Elizabeth T. Lieberman. 
250 |a 2nd ed. 
260 |a New York :  |b McGraw-Hill,  |c c2003. 
300 |a xxiii, 527 p. :  |b il. ;  |c 24 cm. 
440 0 |a McGraw-Hill professional engineering 
504 |a Incluye referencias bibliográficas e índice. 
020 |a 0071390871 (acid-free paper) 
100 1 |a Lieberman, Norman P. 
700 1 |a Lieberman, Elizabeth T. 
082 0 0 |a 620.1/37  |2 21 
650 0 |a Fábricas de productos químicos  |x Equipo y fuentes. 
650 0 |a Chemical plants  |x Equipment and supplies. 
010 |a  2003267009 
040 |a DLC  |c DLC  |d AR-BbSID 
856 4 2 |3 Biografía del autor  |u http://www.loc.gov/catdir/bios/mh041/2003267009.html 
856 4 2 |3 Descripción  |u http://www.loc.gov/catdir/description/mh031/2003267009.html 
856 4 1 |3 Tabla de contenido  |u http://www.loc.gov/catdir/toc/mh031/2003267009.html 
859 |a AR-BbSID  |b BIB. PLAPIQUI  |h 620.137  |i L 621  |p 5914